STN EN ISO 1461: 2010 (03 8558) [neplatná], Zinkové povlaky na železných a oceľových výrobkoch vytvorené ponorným žiarovým zinkovaním. Požiadavky a skúšobné metódy (ISO 1461: 2009)

Táto norma je slovenskou verziou európskej normy EN ISO 1461: 2009. Preklad zabezpečil Slovenský ústav technickej normalizácie. Má rovnaké postavenie ako majú oficiálne verzie

Bibliographic Details
Other Authors: Kočan, Miroslav (Translator), Kočanová, Natália (Translator)
Format: Book
Language:Slovak
English
PhysicalDescription:20 strán tabuľky 30 cm
Published: Bratislava Slovenský ústav technickej normalizácie 2010
Subjects:

MARC

LEADER 00000nam a2200000 a 4500
001 vtls010041801
003 SK-MaSNL
005 20260301083454.0
008 160624s2010 xo k f u 000 0 slo
015 |a SNBN2010/02-01180 
020 |c (cen. skup. 12) 
040 |a SNK  |b slo  |c SNK  |e AACR2 
041 1 |a slo  |h eng 
044 |a xo  |c SK 
046 |a m  |m 20100101 (účin.)  |n 20221201 (zruš.) 
072 7 |a 669  |x Metalurgia  |2 konspekt 
080 |a 669.58  |2 2001 
080 |a 006.7/.8  |2 2001 
080 |a (437.6)  |2 2001 
080 |a (4)  |2 2001 
084 |a 25.220.40  |2 ICS 
130 0 |a STN 03 8558 (STN EN ISO 1461) [neplatná]  |9 410412 
245 1 0 |a STN EN ISO 1461: 2010 (03 8558) [neplatná], Zinkové povlaky na železných a oceľových výrobkoch vytvorené ponorným žiarovým zinkovaním. Požiadavky a skúšobné metódy (ISO 1461: 2009) 
246 1 0 |a Zinkové povlaky na železných a oceľových výrobkoch vytvorené ponorným žiarovým zinkovaním 
246 1 0 |a Požiadavky a skúšobné metódy (ISO 1461: 2009) 
246 3 0 |a EN ISO 1461: 2009 E 
246 3 0 |a ISO 1461: 2009 
260 |a Bratislava  |b Slovenský ústav technickej normalizácie  |c 2010 
300 |a 20 strán  |b tabuľky  |c 30 cm 
500 |a Súbežný názov v angličtine, francúzštine, nemčine 
500 |a Táto norma nahrádza STN EN ISO 1461 z apríla 2002 v celom rozsahu 
500 |a Norma je nahradená anglickou verziou normy STN EN ISO 1461 z decembra 2022, ktorú nahradila slovenská verzia normy STN EN ISO 1461 z augusta 2023 v celom rozsahu 
500 |a Spracovateľ: Miroslav Kočan, Natália Kočanová 
504 |a Citované normy, súvisiace právne predpisy na strane 2 a bibliografia na strane 18 
520 8 |a Táto norma je slovenskou verziou európskej normy EN ISO 1461: 2009. Preklad zabezpečil Slovenský ústav technickej normalizácie. Má rovnaké postavenie ako majú oficiálne verzie 
540 |a STN vydané na akomkoľvek nosiči sa môžu rozmnožovať a rozširovať iba so súhlasom určenej právnickej osoby  |b SÚTN Bratislava  |c zákon 264/1999 Z.z. 
650 0 7 |a železné výrobky  |2 SVKBBPH  |9 222588 
650 0 7 |a oceľové výrobky  |2 SVKBBPH  |9 74128 
650 0 7 |a zinkovanie  |2 SVKBBPH  |9 93948 
650 0 7 |a technické normy a štandardy  |z Slovensko  |2 SVKBBPH  |9 79594 
650 0 7 |a technické normy a štandardy  |z krajiny Európskej únie  |2 SVKBBPH  |9 289341 
655 7 |a normy  |2 SVKBBPH  |9 70643 
700 1 |a Kočan, Miroslav  |4 trl  |9 320869 
700 1 |a Kočanová, Natália  |4 trl  |9 309870 
710 2 |a Slovenský ústav technickej normalizácie (Bratislava, Slovensko).  |b Technická komisia č. 76 Korózia a ochrana materiálov  |4 stn  |9 410413 
852 |a Štátna vedecká knižnica v Banskej Bystrici 
958 |a OP 
958 |a NB 
999 |c 660620  |d 662550 
952 |a SNK  |b SNK  |y PREZ  |7 0  |p 17A0643116  |o snkSTN EN ISO 1461  |i snk2010/1361  |8 0  |0 0  |1 0  |4 0  |d 2010-01-25  |l 0  |r 2026-02-23 18:52:18  |w 2026-02-23 
952 |a SNK  |b SNK  |y PREZ  |7 0  |p 17A0643117  |o snkSTN EN ISO 1461 D1  |i snk2010/1362  |8 0  |0 0  |1 0  |4 0  |d 2010-01-25  |l 0  |r 2026-02-23 18:52:18  |w 2026-02-23